Statistics for Johnny's General Knowledge Quiz #3

Click here to take the quiz!

General Stats

  • This quiz has been taken 34,515 times
    (21,847 since last reset)
  • The average score is 13 of 20

Answer Stats

Question Answer % Correct
Which country's flag features a maple leaf?Canada
99%
Alcoholics and Japanese Yakuza often have problems with which organ?Liver
93%
In which country was Barack Obama born?United States
87%
Who painted "Starry Night"?Vincent Van Gogh
84%
What is the most common language in Egypt?Arabic
74%
Which salad includes romaine lettuce and croutons dressed with parmesan cheese,
lemon juice, olive oil, egg, Worcestershire sauce, garlic, and black pepper?
Caesar Salad
70%
Which type of eyeglasses have two optical powers, often for seeing near and far?Bifocals
69%
How many minutes are in a day?1,440
67%
What sport features lassos, bulls, and clowns?Rodeo
65%
What animal makes silk?Silkworm
65%
What mathematical holiday is celebrated on March 14?Pi Day
64%
Fill in the blank: "They can take our lives, but they can never take our __________"Freedom
64%
What is the world's most expensive type of fungus?White Truffles
61%
Who was the lead actress in the movie "The Bodyguard"?Whitney Houston
60%
What does the Portuguese word "cerveja" mean?Beer
59%
.CO is the Internet code for which country?Colombia
58%
What is the largest city in Indonesia?Jakarta
57%
What is the largest land animal native to North America?American Bison
55%
What is the name for the front teeth?Incisors
49%
What is also called "Chinese fondue"?Hot Pot
11%

Score Distribution

Percentile by Number Answered

Percent of People with Each Score

Your Score History

You have not taken this quiz since the last reset